000 01090cab a2200265 4500
001 ABS54166
008 090401t1995 xxu||||| |||| 00| 0 eng d
035 _a(Sirsi) u8869
041 _aeng
100 _aLewis, R.
245 _aContaminated land: the new regime of the Environment Act 1995
260 _c1995
350 _a0
490 _aJournal of Planning and Environment Law
_vDecember 1995, 1087-1096(10)
520 _aReviews the provisions of the Environment Act 1995, under the headings of what constitutes contaminated land, the draft guidance, permit-based and state of the art defences, identifying contaminated land and `special sites`, remediation requirements, who is responsible, and enforcement. It considers the extent to which government policy objectives have been, and are likely to be met.
650 _aCONTAMINATED LAND
650 _aENVIRONMENT ACT 1995
650 _aGOVERNMENT POLICY
650 _aLAND POLLUTION
650 _aREMEDIATION
690 _aENVIRONMENTAL AND LAND CONSULTANCY
690 _aLAND
942 _n0
948 _c04/03/1997
999 _c5492
_d5492